Sobre religiosidad popular : El culto de Santa Lucía /
Gorde:
| Egile nagusia: | |
|---|---|
| Formatua: | Ezezaguna |
| Hizkuntza: | Spanish |
| Gaiak: | |
| Etiketak: |
Etiketa erantsi
Etiketarik gabe, Izan zaitez lehena erregistro honi etiketa jartzen!
|
MARC
| LEADER | 000000000a22000000004500 | ||
|---|---|---|---|
| 001 | 007778 | ||
| 041 | 0 | |a spa | |
| 100 | 1 | |a Ramírez, María de los Ángeles | |
| 245 | 1 | 0 | |a Sobre religiosidad popular : |b El culto de Santa Lucía / |c María de los Ángeles Ramírez. |
| 310 | |a Semestral | ||
| 650 | 4 | |a SANTOS | |
| 650 | 4 | |a RITOS Y CEREMONIAS | |
| 650 | 4 | |a COSTA RICA | |
| 773 | 0 | |d San José, Costa Rica : Editorial de la Universidad de Costa Rica |t Herencia |g volumen 7, número 1 (1995), páginas 33-48 | |
| 942 | |c ARC | ||
| 999 | |c 14652 |d 14652 | ||
